Study of the influence of catalyst activity on the reaction rateduring hydrotreating of diesel fractions using mathematical modeling; Journal of Economics and Social Sciences; № 14
| Parent link: | Journal of Economics and Social Sciences: electronic scientific journal.— , 2012-.— 2312-2978 № 14.— 2019.— [3 p.] |
|---|---|
| Hlavní autor: | |
| Korporativní autor: | |
| Shrnutí: | Title screen The previously developed mathematical model takes into account the activity of the catalyst. The influence of the activityof the catalyst on the rate of the reactions occurring during hydrotreating, the resulting rate constants of the deactivation.The adequacy of calculations of the improved model is checked. It was found that the reduction of catalyst activity byonly 30% significantly affects the reaction rate constants, the reactions are slowed down by 18 times. The quality of theproduct is reduced when the catalyst is deactivated. To compensate for the loss of catalyst activity, it is necessary to varythe technological parameters, in particular, to increase the temperature in the reactor. |
| Jazyk: | angličtina |
| Vydáno: |
2019
|
| Edice: | Социологические науки |
| Témata: | |
| On-line přístup: | http://earchive.tpu.ru/handle/11683/55737 |
| Médium: | Elektronický zdroj Kapitola |
| KOHA link: | https://koha.lib.tpu.ru/cgi-bin/koha/opac-detail.pl?biblionumber=584047 |
MARC
| LEADER | 00000naa2a2200000 4500 | ||
|---|---|---|---|
| 001 | 584047 | ||
| 005 | 20231205115522.0 | ||
| 035 | |a (RuTPU)RU\TPU\prd\285298 | ||
| 035 | |a RU\TPU\prd\285297 | ||
| 090 | |a 584047 | ||
| 100 | |a 20190821a2019 k y0engy50 ba | ||
| 101 | 0 | |a eng | |
| 102 | |a RU | ||
| 135 | |a drcn ---uucaa | ||
| 181 | 0 | |a i | |
| 182 | 0 | |a b | |
| 200 | 1 | |a Study of the influence of catalyst activity on the reaction rateduring hydrotreating of diesel fractions using mathematical modeling |f E. Kotkova | |
| 203 | |a Text |c electronic | ||
| 215 | |a 1 файл (324 Кб) | ||
| 225 | 1 | |a Социологические науки | |
| 300 | |a Title screen | ||
| 320 | |a [References: 1 tit.] | ||
| 330 | |a The previously developed mathematical model takes into account the activity of the catalyst. The influence of the activityof the catalyst on the rate of the reactions occurring during hydrotreating, the resulting rate constants of the deactivation.The adequacy of calculations of the improved model is checked. It was found that the reduction of catalyst activity byonly 30% significantly affects the reaction rate constants, the reactions are slowed down by 18 times. The quality of theproduct is reduced when the catalyst is deactivated. To compensate for the loss of catalyst activity, it is necessary to varythe technological parameters, in particular, to increase the temperature in the reactor. | ||
| 461 | 1 | |0 (RuTPU)RU\TPU\prd\225573 |x 2312-2978 |t Journal of Economics and Social Sciences |o electronic scientific journal |d 2012- | |
| 463 | 1 | |0 (RuTPU)RU\TPU\prd\285293 |t № 14 |v [3 p.] |d 2019 | |
| 610 | 1 | |a электронный ресурс | |
| 610 | 1 | |a труды учёных ТПУ | |
| 610 | 1 | |a hydrotreatment | |
| 610 | 1 | |a hydrotreating | |
| 610 | 1 | |a diesel fuel | |
| 610 | 1 | |a mathematical model | |
| 610 | 1 | |a simulation | |
| 610 | 1 | |a catalyst | |
| 610 | 1 | |a deactivation | |
| 700 | 1 | |a Kotkova |b E. |g Elena | |
| 712 | 0 | 2 | |a Engineering school of natural resources, Tomsk Polytechnic University |
| 801 | 1 | |a RU |b 63413507 |c 20090623 |g PSBO | |
| 801 | 2 | |a RU |b 63413507 |c 20190903 |g PSBO | |
| 856 | 4 | 0 | |u http://earchive.tpu.ru/handle/11683/55737 |
| 942 | |c BK | ||